LEADER 01214nam 2200253la 450 001 9910481373403321 005 20230503095240.0 035 $a(UK-CbPIL)2090354007 035 $a(CKB)5500000000096908 035 $a(EXLCZ)995500000000096908 100 $a20230503d1623 uy | 101 0 $alat 135 $aurcn||||a|bb| 200 10$aAnalecta Plautina. In quibus M. Acci Plauti editiones Pareanae a? virulentis Jani Gruteri cavillationibus ac strophis rite? vindicantur: multa item qua? Graecorum qua? Latinorum authorum loca illustrantur & explicantur. Authore Joh. Philippo Pareo . 210 $aFrankfurt am Main $c[s.n.]$d1623 215 $aOnline resource (811 [i.e. 803], [93] p., 8°) 300 $aReproduction of original in Biblioteca Nazionale Centrale di Firenze. 700 $aPlautus$b Titus Maccius$0166580 801 0$bUk-CbPIL 801 1$bUk-CbPIL 906 $aBOOK 912 $a9910481373403321 996 $aAnalecta Plautina. In quibus M. Acci Plauti editiones Pareanae à virulentis Jani Gruteri cavillationibus ac strophis ritè vindicantur: multa item quà Graecorum quà Latinorum authorum loca illustrantur & explicantur. Authore Joh. Philippo Pareo$91989359 997 $aUNINA